Statistics for Lesotho First Level Subdivisions

Click here to take the quiz!

General Stats

  • This quiz has been taken 5 times
  • The average score is 4 of 10

Answer Stats

Districts% Correct
Maseru
75%
Berea
50%
Butha-Buthe
50%
Leribe
25%
Mafeteng
25%
Mohale's Hoek
25%
Mokhotlong
25%
Qacha's Nek
25%
Quthing
25%
Thaba-Tseka
25%

Score Distribution

Percentile by Number Answered

Percent of People with Each Score

Your Score History

You have not taken this quiz